00649nam a22001577a 4500003000900000008004100009040007100050082001500121100002200136245003500158260004300193300002800236440004200264505016800306650001700474AR-CdUCM190506b           ||||| |||| 00| 0 sap d  aMUNICIPALIDAD PROVINCIAL DEL CUSCOcBIBLIOTECA MUNICIPAL DEL CUSCO  a920 /bC79  aCornú, Auguste.  aCarlos Marx, Federico Engels /  aMéxico :bPlatina Stilcogra.,c1965.  a703 páginas ;c22 cm.  aColección hechos, ideas y ciencias.  aContenido :Los años de infancia y de juventud --La izquierda Hegeliana -- Del liberalismo democrático al comunismo -- Marx en París -- La sagrada familia ...  aCarlos Marx.